Technical innovation and British economic performance
Contents: Innovative Activities and Export Shares: some Comparisons; Technical Change in the Defence Industry Mary Kaldor; Innovation in Textile Machinery Roy Rothwell; Forklift Trucks Peter Senker
Gespeichert in:
| 1. Verfasser: | |
|---|---|
| Format: | Buch |
| Sprache: | Undetermined |
| Veröffentlicht: |
New York
Macmillan
1981
|
| Schlagworte: | |
| Tags: |
Tag hinzufügen
Keine Tags, Fügen Sie den ersten Tag hinzu!
|
| Thư viện lưu trữ: | Trung tâm Học liệu Trường Đại học Cần Thơ |
|---|
| LEADER | 00834nam a2200217Ia 4500 | ||
|---|---|---|---|
| 001 | CTU_87156 | ||
| 008 | 210402s9999 xx 000 0 und d | ||
| 082 | |a 338.06 | ||
| 082 | |b P338 | ||
| 100 | |a Pavitt, Keith | ||
| 245 | 0 | |a Technical innovation and British economic performance | |
| 245 | 0 | |c Keith Pavitt | |
| 260 | |a New York | ||
| 260 | |b Macmillan | ||
| 260 | |c 1981 | ||
| 520 | |a Contents: Innovative Activities and Export Shares: some Comparisons; Technical Change in the Defence Industry Mary Kaldor; Innovation in Textile Machinery Roy Rothwell; Forklift Trucks Peter Senker | ||
| 650 | |a Technological innovations,Đổi mới công nghệ | ||
| 650 | |x Economic aspects,Khía cạnh kinh tế | ||
| 650 | |z Great Britain,Anh | ||
| 904 | |i Trúc | ||
| 980 | |a Trung tâm Học liệu Trường Đại học Cần Thơ | ||